Medicina pre-cortesiana (Record no. 9247)

MARC details
000 -CABECERA
campo de control de longitud fija 00935nam a2200265 a 4500
001 - NÚMERO DE CONTROL
campo de control BRL_435
005 - FECHA Y HORA DE LA ÚLTIMA TRANSACCIÓN
campo de control 20190320210735.0
008 - DATOS DE LONGITUD FIJA--INFORMACIÓN GENERAL
campo de control de longitud fija 120813s1952----mx-a######---#010-0#spa-#
041 ## - CÓDIGO DE LENGUA
Código de lengua del texto/banda sonora o título independiente spa
044 ## - CÓDIGO DEL PAÍS DE LA ENTIDAD EDITORA/PRODUCTORA
Código MARC del país mx
050 #4 - SIGNATURA TOPOGRÁFICA DE LA BIBLIOTECA DEL CONGRESO
Número de clasificación F1219.3M4
Número de documento/Ítem .M43 1952
245 10 - MENCIÓN DE TÍTULO
Título Medicina pre-cortesiana
Resto del título Homenaje al H. Cuerpo Médico Mexicano de los laboratorios Grupo Rouseel, S.A. Editores
Mención de responsabilidad, etc. prefacio Daniel F. Rubin de la Borbolla ; introducción Marc Jost.
260 ## - PUBLICACIÓN, DISTRIBUCIÓN, ETC.
Lugar de publicación, distribución, etc. México
Nombre del editor, distribuidor, etc. Grupo Roussel
Fecha de publicación, distribución, etc. 1952
300 ## - DESCRIPCIÓN FÍSICA
Extensión 1 portafolio (6 páginas, 43 hojas de láminas)
Otras características físicas il.
Dimensiones 33 cm.
500 ## - NOTA GENERAL
Nota general Au448
500 ## - NOTA GENERAL
Nota general Título tomado del porfolio
500 ## - NOTA GENERAL
Nota general Faltan algunas láminas
650 14 - PUNTO DE ACCESO ADICIONAL DE MATERIA--TÉRMINO DE MATERIA
Término de materia o nombre geográfico como elemento de entrada Indios de México
Subdivisión general Medicina
9 (RLIN) 23906
650 14 - PUNTO DE ACCESO ADICIONAL DE MATERIA--TÉRMINO DE MATERIA
Término de materia o nombre geográfico como elemento de entrada Medicina
Subdivisión general Historia
Subdivisión geográfica México
9 (RLIN) 5513
700 1# - PUNTO DE ACCESO ADICIONAL--NOMBRE DE PERSONA
Nombre de persona Rubin de la Borbolla, Daniel F.
9 (RLIN) 18236
700 1# - PUNTO DE ACCESO ADICIONAL--NOMBRE DE PERSONA
Nombre de persona Jost, Marc
9 (RLIN) 18383
730 0# - PUNTO DE ACCESO ADICIONAL--TÍTULO UNIFORME
Título uniforme Medicina precortesiana
9 (RLIN) 23907
902 ## - CATALOGADOR
Iniciales GRL
942 ## - ELEMENTOS DE PUNTO DE ACCESO ADICIONAL (KOHA)
Fuente del sistema de clasificación o colocación Library of Congress Classification
Tipo de ítem Koha Libros
Holdings
Estado de retiro Estado de pérdida Estado dañado No para préstamo Localización permanente Ubicación/localización actual Fecha de adquisición Número de inventario Total de préstamos Signatura topográfica completa Código de barras Fecha visto por última vez Precio válido a partir de Tipo de ítem Koha
El ejemplar forma parte de la colección y puede ser consultado según las políticas vigentes.       Biblioteca Centro de Estudios Ruth D. Lechuga Biblioteca Centro de Estudios Ruth D. Lechuga 12/08/2013 Au448   F1219.3M4 .M43 1952 (Au448) GRL00840 22/03/2019 22/03/2019 Libros